LEADER 01229nam0-2200337---450- 001 990009660120403321 005 20121219120419.0 010 $a978-88-548-4297-7 035 $a000966012 035 $aFED01000966012 035 $a(Aleph)000966012FED01 035 $a000966012 100 $a20121219d2011----km-y0itay50------ba 101 0 $aita 102 $aIT 105 $aa-------001yy 200 1 $a<>spazio pubblico nella città multietnica$ei luoghi d'incontro delle comunità straniere come risorsa per la città contemporanea$fDario Aureli 210 $aRoma$cAracne$d2011 215 $a197 p.$cill.$d24 cm 225 1 $aQuaderni del dottorato$fUniversità degli studi Roma tre, Dipartimento di progettazione e studio dell'architettura$v4 225 1 $aArea 8$iIngegneria civile e architettura$v303 610 0 $aSpazi pubblici$aUtilizzazione [da parte degli] Immigrati$aCasi [:] Parigi [e] Roma 676 $a711.55$v22$zita 700 1$aAureli,$bDario$f<1974- >$0518534 801 0$aIT$bUNINA$gREICAT$2UNIMARC 901 $aBK 912 $a990009660120403321 952 $aCollez. 2259 (4)$b48563$fFSPBC 959 $aFSPBC 996 $aSpazio pubblico nella città multietnica$9840632 997 $aUNINA LEADER 01829nam 2200409 450 001 9910688359003321 005 20230704170356.0 035 $a(CKB)5850000000050292 035 $a(NjHacI)995850000000050292 035 $a(EXLCZ)995850000000050292 100 $a20230704d2022 uy 0 101 0 $aeng 135 $aur||||||||||| 181 $ctxt$2rdacontent 182 $cc$2rdamedia 183 $acr$2rdacarrier 200 00$aDoubts, Problems and Certainties about Acute Appendicitis /$fedited by Angelo Guttadauro 210 1$aLondon :$cIntechOpen,$d2022. 210 4$d©2022 215 $a1 online resource (xiii, 106 pages) $cillustrations 311 $a1-83968-857-2 320 $aIncludes bibliographical references. 330 $aAcute appendicitis is a common pediatric abdominal emergency, although it can occur in any age group. The debated role of imaging in diagnosis and diagnostic delays make diagnosis particularly challenging in the elderly. Given the heterogeneity of the population that may be affected by this disease, it is not possible to stipulate a universally valid diagnostic process. As such, an individualized approach guided by age, sex, comorbidities, and clinical manifestations is always necessary. This book reviews the current state of the art in acute appendicitis to help surgeons administer proper and timely treatment. 606 $aAcute toxicity testing 606 $aGastroenterology 606 $aAppendicitis 615 0$aAcute toxicity testing. 615 0$aGastroenterology. 615 0$aAppendicitis. 676 $a616.34 702 $aGuttadauro$b Angelo 801 0$bNjHacI 801 1$bNjHacl 906 $aBOOK 912 $a9910688359003321 996 $aDoubts, Problems and Certainties about Acute Appendicitis$92902572 997 $aUNINA LEADER 01040nam0-22003731i-450 001 990003766400403321 005 20250725083415.0 035 $a000376640 035 $aFED01000376640 035 $a(Aleph)000376640FED01 035 $a000376640 100 $a20030910d1982----km-y0itay50------ba 101 0 $aita 102 $aIT 105 $aa---a---001yy 200 1 $aApprendimento e memoria$fSergio Roncato 210 $aBologna$cSocietà editrice il Mulino$d1982 215 $a301 p.$cill.$d21 cm 225 1 $a<>nuova scienza$iIstituzioni di psicologia 610 0 $aApprendimento$aAspetti psicologici 610 0 $aMemoria$aAspetti psicologici 676 $a153.1 676 $a153.12 676 $a153.15 700 1$aRoncato,$bSergio$0143058 801 0$aIT$bUNINA$gRICA$2UNIMARC 901 $aBK 912 $a990003766400403321 952 $a153.1 RON 1$b2886$fBFS 952 $aDE FUSCO 772$bRDF 806$fDARST 959 $aDARST 959 $aBFS 996 $aApprendimento e memoria$9182819 997 $aUNINA